| 000 | 00822nam a2200253 a 4500 | ||
|---|---|---|---|
| 001 | 000021250 | ||
| 005 | 20250520113501.0 | ||
| 008 | 100902s1995 ve r 000 0 spa d | ||
| 020 | _a9803540041 | ||
| 040 |
_aDO-SdBNP _bspa _cBNPHU |
||
| 082 |
_a128.3 _bR696p |
||
| 100 | 1 |
_aRodríguez, Simón, _944412 |
|
| 245 | 1 | 0 |
_aPensamientos de Simón Rodríguez / _cSimón Rodríguez ; selección y prólogo de Gloria Martín. |
| 260 |
_aCaracas : _bAlfadil, _c1995. |
||
| 300 |
_a116 p. ; _c16 cm. |
||
| 490 | 1 |
_aAmeritextos _v9 |
|
| 504 | _aBibliografía: p. ([110]-113) | ||
| 504 | _aIncluye referencias bibliográficas y notas al pie de las páginas | ||
| 650 | 0 |
_aFilosofía _9813 |
|
| 650 | 0 |
_aPensamiento _922995 |
|
| 700 | 1 |
_aMartín, Gloria, _epról. _944413 |
|
| 830 | 0 |
_aAmeritextos ; _v9 _910726 |
|
| 049 | _aBNGR | ||
| 999 |
_c20750 _d20750 |
||